Classifica Marcatori UEFA Champions League 2011-2012 - Statistics

Statistiche generali
  • Questo quiz è stato fatto 43 volte
  • Il punteggio medio è 10 su 20
Statistiche sulle risposte
Gol Nazione Squadra Calciatore % Corretto
10 Portogallo Real Madrid Cristiano Ronaldo
100%
14 Argentina Barcellona Lionel Messi
100%
6 Costa d'Avorio Chelsea Didier Drogba
95%
7 Francia Real Madrid Karim Benzema
95%
5 Uruguay Napoli Edinson Cavani
89%
5 Svezia Milan Zlatan Ibrahimović
86%
4 Paesi Bassi Arsenal Robin van Persie
78%
4 Paesi Bassi Bayern Monaco Arhen Robben
73%
4 Spagna Barcellona Pedro
68%
12 Germania Bayern Monaco Mario Gómez
65%
4 Brasile Porto Hulk
43%
5 Costa d'Avorio CSKA Mosca Seydou Doumbia
41%
4 Ghana Olympique Marsiglia André Ayew
24%
5 Spagna Valencia Roberto Soldado
24%
5 Svizzera Basilea Alexander Frei
19%
5 Spagna Real Madrid José Maria Callejon
19%
5 Francia Olympique Lione Bafétimbi Gomis
8%
4 Paesi Bassi Bnefica Óscar Cardozo
3%
4 Brasile APOEL Nicosia Gustavo Manduca
0%
5 Russia Zenit San Pietroburgo Roman Širokov
0%
Nessun quiz corrispondente trovato
Distribuzione punteggi
Percentuale di utenti per punteggio
Percentile per numero di risposta
I tuoi punteggi nel tempo
Non hai fatto questo quiz